000 00272nam a22001097a 4500
999 _c2897
_d2897
008 190404e1964 ag ||||| |||| 00| 0 spa d
100 _aBurch, G.
245 _aPrincipios de Electrocardiografia
250 _a4a ed.
260 _aBuenos Aires
_bEl Ateneo
_c1964
500 _3Baja